Normal view MARC view
  • Maliha Zahid

Entry Personal Name

Number of records used in: 3

001 - CONTROL NUMBER

  • control field: 7536

003 - CONTROL NUMBER IDENTIFIER

  • control field: NUST

005 - DATE AND TIME OF LATEST TRANSACTION

  • control field: 20171222161337.0

008 - FIXED-LENGTH DATA ELEMENTS

  • fixed length control field: 171222|| aca||aabn | a|a d

040 ## - CATALOGING SOURCE

  • Original cataloging agency: NUST
  • Transcribing agency: NUST

100 ## - HEADING--PERSONAL NAME

  • Personal name: Maliha Zahid

670 ## - SOURCE DATA FOUND

  • Source citation: Work cat.: (NUST): Maliha Zahid, Enhancing dspace digital library with topic maps, 2017
© 2023 Central Library, National University of Sciences and Technology. All Rights Reserved.